| Tag |
First Indicator |
Second Indicator |
Subfields |
| LEADER |
00000cam a2200000I 4500 |
| 001 |
in00002010413 |
| 005 |
20151031155302.0 |
| 008 |
890606m19129999gw 000 0 mul d |
| 035 |
|
|
|a (OCoLC)ocm19823613
|
| 040 |
|
|
|a VA@
|c VA@
|d TXA
|d UtOrBLW
|
| 049 |
|
|
|a TXAM
|
| 090 |
|
|
|a PB73
|b .M68 1912
|
| 100 |
1 |
|
|a Motti, Pietro,
|d 1854-
|
| 245 |
1 |
4 |
|a Der neue Reisebegleiter.
|
| 264 |
|
1 |
|a Heidelberg :
|b J. Groos,
|c 1912-
|
| 300 |
|
|
|a volumes ;
|c 20 cm.
|
| 336 |
|
|
|a text
|b txt
|2 rdacontent
|
| 337 |
|
|
|a unmediated
|b n
|2 rdamedia
|
| 338 |
|
|
|a volume
|b nc
|2 rdacarrier
|
| 505 |
0 |
|
|a no. 4. Russisch -- no. 5. Niederlandisch.
|
| 536 |
|
|
|a From the Biblioteca Asensio, April 2004.
|
| 650 |
|
0 |
|a English language
|v Conversation and phrase books
|x German.
|
| 650 |
|
0 |
|a French language
|v Conversation and phrase books
|x German.
|
| 650 |
|
0 |
|a Italian language
|v Conversation and phrase books
|x German.
|
| 650 |
|
0 |
|a Russian language
|v Conversation and phrase books
|x German.
|
| 650 |
|
0 |
|a Dutch language
|v Conversation and phrase books
|x German.
|
| 650 |
|
0 |
|a Spanish language
|v Conversation and phrase books
|x German.
|
| 650 |
|
0 |
|a Portuguese language
|v Conversation and phrase books
|x German.
|
| 650 |
|
0 |
|a Swedish language
|v Conversation and phrase books
|x German.
|
| 650 |
|
0 |
|a Arabic language
|v Conversation and phrase books
|x German.
|
| 650 |
|
0 |
|a Polish language
|v Conversation and phrase books
|x German.
|
| 650 |
|
0 |
|a Romanian language
|v Conversation and phrase books
|x German.
|
| 948 |
|
|
|a cataloged
|b h
|c 2005/1/4
|d c
|e jgreene
|f 10:15:40 am
|
| 994 |
|
|
|a E0
|b TXA
|
| 999 |
|
|
|a MARS
|
| 999 |
f |
f |
|s de323289-5605-3d3e-bc81-aa72579c590d
|i a85c5b7e-044d-3168-b9a6-7bf878d17ba0
|t 0
|
| 952 |
f |
f |
|p ric
|a Texas A&M University
|b Rellis Campus
|c Joint Library Facility
|d Remote Storage
|t 0
|e PB73 .M68 1912
|h Library of Congress classification
|i unmediated -- volume
|k no.5
|m A14831694847
|
| 952 |
f |
f |
|p ric
|a Texas A&M University
|b Rellis Campus
|c Joint Library Facility
|d Remote Storage
|t 0
|e PB73 .M68 1912
|h Library of Congress classification
|i unmediated -- volume
|k no.4
|m A14831694805
|
| 998 |
f |
f |
|a PB73 .M68 1912
|s no.4-5
|t 0
|l Remote Storage
|